Federalismo y regionalismo (Registro nro. 123837)
[ vista simple ]
| 000 -CABECERA | |
|---|---|
| campo de control de longitud fija | 01033nam a22003015 4500 |
| 001 - NÚMERO DE CONTROL | |
| campo de control | 123837 |
| 003 - IDENTIFICADOR DEL NÚMERO DE CONTROL | |
| campo de control | ES-MaBCM |
| 005 - FECHA Y HORA DE LA ÚLTIMA TRANSACCIÓN | |
| campo de control | 20241016143855.0 |
| 008 - CÓDIGOS DE INFORMACIÓN DE LONGITUD FIJA | |
| campo de control de longitud fija | 060221s2005 mex spa d |
| 020 ## - NÚMERO INTERNACIONAL NORMALIZADO PARA LIBROS(ISBN) | |
| Número Internacional Normalizado para Libros (ISBN) | 970-32-2500-4 |
| 021 ## - | |
| -- | xx |
| 035 ## - NÚMERO DE CONTROL DEL SISTEMA | |
| Número de control de sistema | (OCoLC)651382171 |
| 040 ## - FUENTE DE LA CATALOGACIÓN | |
| Centro transcriptor | ES-MaBCM |
| 080 ## - NÚMERO DE LA CLASIFICACIÓN DECIMAL UNIVERSAL | |
| Número de la Clasificación Decimal Universal | 342.24 |
| 080 ## - NÚMERO DE LA CLASIFICACIÓN DECIMAL UNIVERSAL | |
| Número de la Clasificación Decimal Universal | 323.17 |
| 245 00 - MENCIÓN DE TÍTULO | |
| Título | Federalismo y regionalismo |
| Mención de responsabilidad etc. | Diego Valadés, José María Serna de La Garza, coordinadores |
| 250 ## - MENCIÓN DE EDICIÓN | |
| Mención de edición | 1ª ed |
| 260 ## - PUBLICACIÓN, DISTRIBUCIÓN, ETC. (PIE DE IMPRENTA) | |
| Lugar de publicación distribución etc. | México : |
| Nombre del editor distribuidor etc. | Universidad Nacional Autónoma de México, |
| -- | Tribunal Superior de Justicia del Estado de Puebla |
| Fecha de publicación distribución etc. | 2005 |
| Nombre del editor distribuidor etc. | Tribunal Superior de Justicia del Estado de Puebla, |
| 300 ## - DESCRIPCIÓN FÍSICA | |
| Extensión | 757 p. |
| Dimensiones | 22 cm |
| 440 #0 - MENCIÓN DE SERIE/PUNTO DE ACCESO ADICIONAL--TÍTULO | |
| Título | Instituto de Investigaciones Jurídicas. Doctrina jurídica |
| RLIN | 109011 |
| 650 27 - PUNTO DE ACCESO ADICIONAL DE MATERIA--TÉRMINO DE MATERIA | |
| Término de materia o nombre geográfico como elemento inicial | Federalismo |
| 9 (RLIN) | 58694 |
| 650 27 - PUNTO DE ACCESO ADICIONAL DE MATERIA--TÉRMINO DE MATERIA | |
| Término de materia o nombre geográfico como elemento inicial | Regionalismo |
| 9 (RLIN) | 60053 |
| 700 1# - PUNTO DE ACCESO ADICIONAL--NOMBRE DE PERSONA | |
| Nombre de persona | Valadés, Diego |
| 9 (RLIN) | 47405 |
| 700 1# - PUNTO DE ACCESO ADICIONAL--NOMBRE DE PERSONA | |
| Nombre de persona | Serna de la Garza, José María |
| 9 (RLIN) | 69466 |
| 710 2# - PUNTO DE ACCESO ADICIONAL--NOMBRE DE ENTIDAD CORPORATIVA | |
| Nombre de entidad o nombre de jurisdicción como elemento inicial | Universidad Nacional Autónoma de México |
| 9 (RLIN) | 53104 |
| 942 ## - ELEMENTOS DE PUNTO DE ACCESO ADICIONAL (KOHA) | |
| Tipo de ítem Koha | Libros |
| 973 ## - CONTROL DE REGISTRO FUENTE (KOBLI) | |
| CONTADOR DE ANALÍTICAS | 22 |
| Estado de retiro | Estado de pérdida | Fuente del sistema de clasificación o colocación | Estado dañado | No para préstamo | Localización permanente | Ubicación/localización actual | Ubicación en estantería | Fecha de adquisición | Fuente de adquisición | Número de inventario | Número de registro | Total de préstamos | Signatura topográfica completa | Código de barras | Precio válido a partir de | Tipo de ítem Koha |
|---|---|---|---|---|---|---|---|---|---|---|---|---|---|---|---|---|
| Biblioteca Central del Ministerio de la Presidencia | Biblioteca Central del Ministerio de la Presidencia | Sala | 08/03/2006 | Compra | 63594 | 63594 | 48424 | 1046676 | 08/03/2006 | Libros |
